Analisis de la competitividad de los cereales en Venezuela (Registro nro. 159519)

Detalles MARC
001 - NÚMERO DE CONTROL
campo de control 632635
005 - FECHA Y HORA DE LA ÚLTIMA TRANSACCIÓN
campo de control 20240615085822.0
008 - DATOS DE LONGITUD FIJA--INFORMACIÓN GENERAL
campo de control de longitud fija 001026s1998 spa
035 ## - NÚMERO DE CONTROL DEL SISTEMA
Número de control de sistema 632635
035 ## - NÚMERO DE CONTROL DEL SISTEMA
Número de control de sistema (OCoLC)819851985
040 ## - FUENTE DE LA CATALOGACIÓN
Centro/agencia transcriptor comduadb
041 ## - CÓDIGO DE LENGUA
Código de lengua del texto/banda sonora o título independiente spa
100 10 - ENTRADA PRINCIPAL--NOMBRE DE PERSONA
Nombre de persona Ayala, Jose R.
Código de función aut
Término indicativo de función/relación Autor/a
9 (RLIN) 305977
245 10 - MENCIÓN DE TÍTULO
Título Analisis de la competitividad de los cereales en Venezuela
650 #7 - PUNTO DE ACCESO ADICIONAL DE MATERIA--TÉRMINO DE MATERIA
Término de materia o nombre geográfico como elemento de entrada Cereales
Fuente del encabezamiento o término lemb
9 (RLIN) 45131
773 0# - ENLACE AL DOCUMENTO FUENTE/ENTRADA DE REGISTRO ANFITRIÓN
Título Agroalimentaria (Mérida)
Parte(s) relacionada(s) No. 07, 1998, p. 13-18
Número de control del registro 614324
Número Internacional Normalizado para Publicaciones Seriadas 1316-0354
Número bibliográfico anfitrión 180880
942 ## - ELEMENTOS DE ENTRADA AGREGADA (KOHA)
Tipo de ítem Koha Artículo de Revista

No hay ítems disponibles.